00832nam a2200181 a 450000100100000000500170001000800410002704000250006808200150009310000310010824500840013926000690022330000200029250001170031204900090042995201950043899900170063300003184020200930063224.0110526s1973 dr 000 | spa d aDO-SdBNPbspacBNPHU axxxbF825r1 aFranco, Franklin J.91901410aRaza e ideología en los problemas de nuestra identidad /cFranklin J. Franco. aSanto Domingo :bUniversidad Autónoma de Santo Domingo,c1973. a25 p. ;c28 cm. aI coloquio sobre la presencia de África en las Antillas y en el Caribe del 26 de julio al 4 de agosto de 1973. aBNPD 001050718RVaPDbPDcCTd2011-07-06iLF1l0oxxx F825rp31840-10r2020-06-25w2020-06-25y1zPerteneció a la biblioteca personal de Aída Cartagena Portalatín. Anotado.ZNo se presta c31332d31332